| 000 | 01408nam a22003017a 4500 | ||
|---|---|---|---|
| 003 | OSt | ||
| 005 | 20260116211814.0 | ||
| 008 | 260116b ||||| |||| 00| 0 eng d | ||
| 040 |
_bEnglish. _cCvSU-CCAT Campus Library. _erda. |
||
| 050 |
_aUM TX 911.3.M27 _bH43 2022 |
||
| 100 |
_aHebron, Allyssa R., author. _917853 |
||
| 245 |
_aWork-life balance issues among managers working in hotels in selected areas of Cavite / _cAllyssa R. Hebron, Sheena Jane M. Navalta. |
||
| 260 |
_aRosario, Cavite : _bCavite State University-CCAT Campus, _c2022. |
||
| 300 |
_ax, 73 leaves : _billustrations ; _c28 cm |
||
| 500 | _aUndergraduate Thesis (BSHM) -- Cavite State University-CCAT Campus, 2022. | ||
| 504 | _aIncludes bibliographical references and appendices. | ||
| 546 | _aIn English text | ||
| 650 |
_aWork-life balance -- Philippines -- Cavite. _917854 |
||
| 650 |
_aHotel managers -- Philippines -- Cavite. _917855 |
||
| 650 |
_aHospitality industry -- Management -- Philippines. _917661 |
||
| 650 |
_aPersonal management -- Philippines. _911214 |
||
| 650 |
_aCavite (Philippines) -- Economic condition. _917856 |
||
| 700 |
_aNavalta, Sheena Jane M., author. _917857 |
||
| 700 |
_aArabit, Michelle Alexandra A., adviser. _99062 |
||
| 700 |
_aVilla, John Leo-vy P., technical critic. _99055 |
||
| 942 |
_2lcc _cT/M/D _hTX 911.3.M27 H43 2022 _kUM |
||
| 999 |
_c4526 _d4526 |
||